000 01101cam a2200217 4500
001 WB3838-05
008 021016n2002 000 0 eng u
035 _a(Sirsi) u120113
245 _aEnvironmental concern survey
260 _c2002
490 _aDEFRA News Release
_v(0409/02) 9 October 2002, (11)
520 _aPublic concern about environmental issues is increasing according to the latest Department for Environment , Food and Rural Affairs (DEFRA) "Survey of public attitudes to quality of life and to the environment 2001", the fifth such survey. The survey assesses public perspectives on quality of life, awareness and behaviour regarding environmental matters and perceptions of the countryside and green space. Survey is available at http://www.defra.gov.uk/environment/statistics/pubatt/content.htm http://www.defra.gov.uk/news/2002/021009c.htm
590 _aWB
650 _aQUALITY OF LIFE
650 _aENVIRONMENTAL CONCERNS
650 _aRURAL ENVIRONMENT
650 _aOPEN SPACE
650 _aSURVEYS
690 _aENVIRONMENTAL AND LAND CONSULTANCY
942 _n0
999 _c71364
_d71364